Splendor of Alcora (Record no. 442)

MARC details
000 -CABECERA
campo de control de longitud fija 00760nam a2200193 a 4500
001 - NÚMERO DE CONTROL
campo de control BRCA_509
005 - FECHA Y HORA DE LA ÚLTIMA TRANSACCIÓN
campo de control 20190320203036.0
008 - DATOS DE LONGITUD FIJA--INFORMACIÓN GENERAL
campo de control de longitud fija 230508s2000----sp-a---###---#000-0#spa-#
050 #4 - SIGNATURA TOPOGRÁFICA DE LA BIBLIOTECA DEL CONGRESO
Número de clasificación NK4210.A5
Número de documento/Ítem .C66 2000
100 1# - ENTRADA PRINCIPAL--NOMBRE DE PERSONA
Nombre de persona Connors McQuade, Margaret E.
9 (RLIN) 1747
245 10 - MENCIÓN DE TÍTULO
Título Splendor of Alcora
Resto del título Spanish Ceramics of the Eighteenth Century in the Collection of The Society of America
Mención de responsabilidad, etc. by Margaret E. Connors McQuade.
260 ## - PUBLICACIÓN, DISTRIBUCIÓN, ETC.
Lugar de publicación, distribución, etc. Nueva York
Nombre del editor, distribuidor, etc. The Hispanic Society of America
Fecha de publicación, distribución, etc. 2000
300 ## - DESCRIPCIÓN FÍSICA
Extensión 21 p.
Otras características físicas il. a color
Dimensiones 26 cm.
504 ## - NOTA DE BIBLIOGRAFÍA, ETC.
Nota de bibliografía, etc. Bibliografía: p. 5
610 24 - PUNTO DE ACCESO ADICIONAL DE MATERIA--NOMBRE DE ENTIDAD CORPORATIVA
Nombre de entidad corporativa o nombre de jurisdicción como elemento de entrada Real Fábrica de Alcora
Subdivisión geográfica España
9 (RLIN) 1748
610 24 - PUNTO DE ACCESO ADICIONAL DE MATERIA--NOMBRE DE ENTIDAD CORPORATIVA
Nombre de entidad corporativa o nombre de jurisdicción como elemento de entrada The Hispanic Society of America
Subdivisión general Colecciones de cerámica
9 (RLIN) 1749
650 14 - PUNTO DE ACCESO ADICIONAL DE MATERIA--TÉRMINO DE MATERIA
Término de materia o nombre geográfico como elemento de entrada Cerámica
Subdivisión cronológica Siglo XVII a XIX
Subdivisión geográfica España
9 (RLIN) 1750
942 ## - ELEMENTOS DE PUNTO DE ACCESO ADICIONAL (KOHA)
Fuente del sistema de clasificación o colocación Library of Congress Classification
Tipo de ítem Koha Libros
Holdings
Estado de retiro Estado de pérdida Estado dañado No para préstamo Localización permanente Ubicación/localización actual Fecha de adquisición Total de préstamos Signatura topográfica completa Código de barras Fecha visto por última vez Precio válido a partir de Tipo de ítem Koha
El ejemplar forma parte de la colección y puede ser consultado según las políticas vigentes.       Biblioteca del Museo Franz Mayer (Rogerio Casas-Alatriste) Biblioteca del Museo Franz Mayer (Rogerio Casas-Alatriste) 25/06/2008   NK4210.A5 .C66 2000 00809 22/03/2019 22/03/2019 Libros